Pays d'Europe en 1812 (avec carte) - Statistiques

Statistiques générales
  • Ce quiz a été pris 3 763 fois
  • Le résultat moyen est 11 sur 13
Réponses sur la Carte
Les réponses sont colorées sur une échelle allant du rouge au vert en fonction du pourcentage des utilisateurs qui les ont devinées à leur premier essai. Vous pouvez retrouver ces pourcentages ci-dessous.
 
Statistiques - réponses
Réponse % Correct
Empire français
100%
Danemark–Norvège
99%
Empire russe
99%
Portugal
99%
Royaume-Uni
99%
Suède
98%
Empire ottoman
95%
Empire d'Autriche
93%
Sicile
88%
Sardaigne
85%
Prusse
83%
Monténégro
61%
Ville libre de {Dantzig}
41%
Aucun quiz correspondant
Distribution des résultats
% des personnes avec chaque résultat
Percentile par nombre de réponses
Votre historique - résultats
Vous n’avez pas pris ce quiz